[Event "Vsetin op 40th"]
[Site "Vsetin"]
[Date "2015.07.09"]
[Round "7"]
[White "Stradej, Vlastimil"]
[Black "Bombek, Peter"]
[Result "1/2-1/2"]
[WhiteElo "1975"]
[BlackElo "2153"]
[PlyCount "120"]
[EventDate "2015.07.04"]
[EventType "swiss"]
[EventRounds "9"]
[EventCountry "CZE"]
[SourceTitle "CBM 167 Extra"]
[Source "ChessBase"]
[SourceDate "2015.09.14"]
[SourceVersion "1"]
[SourceVersionDate "2015.09.14"]
[SourceQuality "1"]

1. Nf3 d5 2. b3 Nf6 3. Bb2 g6 4. g3 Bg7 5. Bg2 0-0 6. 0-0 b6 7. c4 e6 8. d3 Bb7 9. Nbd2 c5 10. e3 Nbd7 11. Qc2 Rc8 12. Rad1 Qe7 13. Rfe1 e5 14. e4 dxe4 15. dxe4 Rcd8 16. Nf1 Bh6 17. N3d2 Nb8 18. Ne3 Bxe3 19. Rxe3 Nc6 20. a3 Nd4 21. Bxd4 Rxd4 22. Rde1 Rd6 23. Nb1 Rfd8 24. Nc3 Rd2 25. Qb1 Ng4 26. R3e2 Rxe2 27. Rxe2 Qg5 28. Nd5 Bxd5 29. exd5 Nxh2 30. Qe1 Ng4 31. f3 Nh6 32. Rxe5 Qf6 33. g4 Qf4 34. Qe3 Qxe3+ 35. Rxe3 Kf8 36. Bh3 Re8 37. Kf2 Rxe3 38. Kxe3 Ke7 39. g5 Ng8 40. Ke4 Kd6 41. Kf4 a6 42. Bf1 Ne7 43. Bd3 Nc8 44. Ke4 Na7 45. a4 Nc8 46. Kf4 Ne7 47. Bc2 b5 48. axb5 axb5 49. Bd3 bxc4 50. bxc4 Nc8 51. Ke4 Nb6 52. Be2 Na4 53. Bf1 Nb6 54. Be2 Nd7 55. Bf1 Nb6 56. Be2 Nc8 57. Bf1 Ne7 58. Bh3 Ng8 59. Kf4 Ne7 60. Ke4 Ng8 1/2-1/2

[Event "Janske Lazne op"]
[Site "Janske Lazne"]
[Date "2013.05.08"]
[Round "2"]
[White "Stradej, Vlastimil"]
[Black "Janska, Jitka"]
[Result "0-1"]
[WhiteElo "2076"]
[BlackElo "1854"]
[PlyCount "50"]
[EventDate "2013.05.07"]
[EventType "swiss"]
[EventRounds "8"]
[EventCountry "CZE"]
[SourceTitle "CBM 154 Extra"]
[Source "ChessBase"]
[SourceDate "2013.06.25"]
[SourceVersion "2"]
[SourceVersionDate "2013.06.25"]
[SourceQuality "1"]

1. Nf3 d5 2. b3 Nf6 3. Bb2 e6 4. g3 c5 5. e3 Nc6 6. Bg2 Bd6 7. d4 0-0 8. 0-0 Re8 9. c4 cxd4 10. cxd5 Nxd5 11. e4 Nb6 12. Nxd4 Be5 13. Nxc6 Qxd1 14. Ne7+ Kf8 15. Rxd1 Bxb2 16. Ng6+ hxg6 17. Nd2 Bxa1 18. Rxa1 Bd7 19. e5 Bc6 20. Bxc6 bxc6 21. Ne4 Red8 22. Rc1 Rd5 23. f4 Rad8 24. Nd6 Nc8 25. Rxc6 Nxd6 0-1

[Event "Kouty nad Desnou op-A"]
[Site "Kouty nad Desnou"]
[Date "2011.03.19"]
[Round "9"]
[White "Stradej, Vlastimil"]
[Black "Havlik, Jindrich"]
[Result "1/2-1/2"]
[WhiteElo "2070"]
[BlackElo "2155"]
[PlyCount "77"]
[EventDate "2011.03.12"]
[EventType "swiss"]
[EventRounds "9"]
[EventCountry "CZE"]
[SourceTitle "EXT 2014"]
[Source "ChessBase"]
[SourceDate "2013.11.20"]
[SourceVersion "1"]
[SourceVersionDate "2013.11.20"]
[SourceQuality "1"]

1. e4 e6 2. d4 d5 3. e5 c5 4. c3 Nc6 5. Nf3 Qb6 6. Bd3 cxd4 7. cxd4 Bd7 8. 0-0 Nxd4 9. Nxd4 Qxd4 10. Nc3 a6 11. Qe2 Ne7 12. Kh1 Nc6 13. f4 Nb4 14. Rd1 Nxd3 15. Rxd3 Qc4 16. b3 Qc7 17. Bb2 Bb4 18. Rc1 Rc8 19. Na4 Qxc1+ 20. Bxc1 Rxc1+ 21. Rd1 Rxd1+ 22. Qxd1 Bxa4 23. bxa4 0-0 24. Qd4 Rc8 25. g3 Rc4 26. Qb6 d4 27. Qd8+ Bf8 28. Qd7 g6 29. g4 d3 30. f5 Rc6 31. Qxd3 exf5 32. gxf5 gxf5 33. Qxf5 Re6 34. a5 Bg7 35. Qe4 Rxe5 36. Qxb7 Rxa5 37. Qc8+ Bf8 38. Qc4 Ra3 39. Qg4+ 1/2-1/2

[Event "Kouty nad Desnou op-A"]
[Site "Kouty nad Desnou"]
[Date "2011.03.18"]
[Round "8"]
[White "Framberk, Jan"]
[Black "Stradej, Vlastimil"]
[Result "1/2-1/2"]
[WhiteElo "1975"]
[BlackElo "2070"]
[PlyCount "24"]
[EventDate "2011.03.12"]
[EventType "swiss"]
[EventRounds "9"]
[EventCountry "CZE"]
[SourceTitle "EXT 2014"]
[Source "ChessBase"]
[SourceDate "2013.11.20"]
[SourceVersion "1"]
[SourceVersionDate "2013.11.20"]
[SourceQuality "1"]

1. e4 g6 2. d4 Bg7 3. Nc3 c6 4. f4 d5 5. e5 h5 6. Nf3 Bg4 7. Be2 e6 8. Be3 Nh6 9. Qd2 Nf5 10. Bf2 Bf8 11. 0-0-0 Be7 12. b3 Qa5 1/2-1/2

[Event "Kouty nad Desnou op-A"]
[Site "Kouty nad Desnou"]
[Date "2011.03.13"]
[Round "2"]
[White "Stransky, Vojtech"]
[Black "Stradej, Vlastimil"]
[Result "1/2-1/2"]
[WhiteElo "1846"]
[BlackElo "2070"]
[PlyCount "42"]
[EventDate "2011.03.12"]
[EventType "swiss"]
[EventRounds "9"]
[EventCountry "CZE"]
[SourceTitle "EXT 2014"]
[Source "ChessBase"]
[SourceDate "2013.11.20"]
[SourceVersion "1"]
[SourceVersionDate "2013.11.20"]
[SourceQuality "1"]

1. e4 c5 2. Nc3 Nc6 3. f4 e6 4. Nf3 g6 5. Bb5 Nge7 6. Bxc6 Nxc6 7. 0-0 Bg7 8. d3 0-0 9. a3 d5 10. e5 a6 11. Qe1 b5 12. Qg3 b4 13. Nd1 a5 14. Ne3 Ba6 15. f5 f6 16. fxg6 Nxe5 17. gxh7+ Kh8 18. axb4 axb4 19. Ng4 Nxg4 20. Qxg4 e5 21. Qh5 Qe8 1/2-1/2

[Event "CZE-chT2F 0910"]
[Site "Czech Republic"]
[Date "2009.11.22"]
[Round "3.2"]
[White "Stradej, Vlastimil"]
[Black "Biolek, Richard"]
[Result "0-1"]
[WhiteElo "2064"]
[BlackElo "2441"]
[PlyCount "124"]
[EventDate "2009.10.18"]
[EventType "team-tourn"]
[EventRounds "11"]
[EventCountry "CZE"]
[SourceTitle "EXT 2012"]
[Source "ChessBase"]
[SourceDate "2011.11.24"]
[SourceVersion "1"]
[SourceVersionDate "2011.11.24"]
[SourceQuality "1"]
[WhiteTeam "Vsetin"]
[BlackTeam "Grygov II"]
[WhiteTeamCountry "CZE"]
[BlackTeamCountry "CSR"]

1. e4 d5 2. exd5 Nf6 3. c4 e6 4. Nc3 exd5 5. d4 Bb4 6. cxd5 Nxd5 7. Bd2 0-0 8. Bd3 Re8+ 9. Nge2 Nc6 10. 0-0 Bg4 11. f3 Be6 12. Nxd5 Bxd5 13. Bxb4 Nxb4 14. a3 Nxd3 15. Qxd3 Qd6 16. Nc3 Bc6 17. Rfe1 Rad8 18. Rxe8+ Rxe8 19. Rd1 Bd7 20. b4 h6 21. d5 Qb6+ 22. Qd4 Qxd4+ 23. Rxd4 Re1+ 24. Kf2 Rc1 25. Ne4 b6 26. Rd3 Kf8 27. Rc3 Rxc3 28. Nxc3 Ke7 29. Ke3 Kd6 30. Kd4 c5+ 31. dxc6 Bxc6 32. Nd1 g5 33. Ne3 Ke6 34. Ng4 h5 35. Nf2 f5 36. Nh3 Kf6 37. Nf2 h4 38. h3 Bb5 39. Nd3 Ke6 40. Ne1 Bf1 41. Ke3 Kd5 42. Kf2 Bb5 43. g3 hxg3+ 44. Kxg3 Bf1 45. h4 gxh4+ 46. Kxh4 Kc4 47. Kg5 Kb3 48. Kxf5 Kxa3 49. Ke5 Kxb4 50. f4 Kc3 51. f5 a5 52. Nf3 a4 53. Nd4 a3 54. f6 a2 55. f7 a1Q 56. f8Q Qa5+ 57. Kf4 Kxd4 58. Qf6+ Kd3 59. Qd6+ Kc3 60. Qf6+ Kc2 61. Qg6+ Bd3 62. Qg2+ Qd2+ 0-1

[Event "CZE-chT2F 0910"]
[Site "Czech Republic"]
[Date "2009.11.08"]
[Round "2.3"]
[White "Stradej, Vlastimil"]
[Black "Slanina, Miroslav"]
[Result "1/2-1/2"]
[WhiteElo "2064"]
[BlackElo "2132"]
[PlyCount "75"]
[EventDate "2009.10.18"]
[EventType "team-tourn"]
[EventRounds "11"]
[EventCountry "CZE"]
[SourceTitle "EXT 2012"]
[Source "ChessBase"]
[SourceDate "2011.11.24"]
[SourceVersion "1"]
[SourceVersionDate "2011.11.24"]
[SourceQuality "1"]
[WhiteTeam "Vsetin"]
[BlackTeam "Dobra"]
[WhiteTeamCountry "CZE"]
[BlackTeamCountry "CZE"]

1. e4 c6 2. d4 d5 3. exd5 cxd5 4. c4 Nf6 5. Nc3 Nc6 6. Bg5 Qa5 7. Bxf6 exf6 8. c5 Bxc5 9. dxc5 d4 10. Nge2 dxc3 11. Nxc3 Qxc5 12. Qd5 Qxd5 13. Nxd5 0-0 14. 0-0-0 Bf5 15. Bd3 Bxd3 16. Rxd3 Rad8 17. Rhd1 Rc8 18. Kb1 Rfe8 19. Rb3 Na5 20. Rbd3 Re2 21. Ne3 g6 22. R3d2 Rxd2 23. Rxd2 Kf8 24. Rd5 Nc6 25. Rd7 b6 26. Rb7 f5 27. g3 Kg7 28. a3 Kf6 29. Nd5+ Ke6 30. Nc7+ Kf6 31. Nb5 Re8 32. Nxa7 Nxa7 33. Rxa7 Re2 34. Ra6 Re6 35. a4 Ke5 36. a5 bxa5 37. Rxa5+ Ke4 38. Ra3 1/2-1/2

[Event "Tatry op"]
[Site "Tatranske Zruby"]
[Date "2008.09.30"]
[Round "5"]
[White "Belunek, Vladimir"]
[Black "Stradej, Vlastimil"]
[Result "1-0"]
[WhiteElo "2295"]
[BlackElo "2131"]
[PlyCount "101"]
[EventDate "2008.09.27"]
[EventType "swiss"]
[EventRounds "9"]
[EventCountry "SVK"]
[SourceTitle "CBM 126 Extra"]
[Source "ChessBase"]
[SourceDate "2008.11.05"]
[SourceVersion "1"]
[SourceVersionDate "2008.11.05"]
[SourceQuality "1"]

1. Nf3 d5 2. g3 c6 3. Bg2 Nf6 4. 0-0 g6 5. b3 Bg7 6. Bb2 0-0 7. d3 Nbd7 8. c4 e6 9. Qc2 Nh5 10. Bxg7 Nxg7 11. d4 a6 12. Nbd2 Nf6 13. e4 Nxe4 14. Nxe4 dxe4 15. Qxe4 Qf6 16. Rad1 Rd8 17. Rd3 Ne8 18. Rfd1 Nd6 19. Qe5 Qg7 20. Qc5 Qf8 21. h4 Bd7 22. h5 Ne8 23. hxg6 hxg6 24. Ne5 Qg7 25. Qb6 Rab8 26. Nxd7 Rxd7 27. Bxc6 Re7 28. Bg2 Nf6 29. d5 exd5 30. cxd5 Rbe8 31. Kf1 Re2 32. Qd4 Rxa2 33. d6 b5 34. d7 Rd8 35. Bh3 Nh5 36. Qxg7+ Nxg7 37. Rc3 Kf8 38. Rc8 Ke7 39. Re1+ Ne6 40. Bxe6 fxe6 41. Rxd8 Kxd8 42. Rxe6 Kxd7 43. Rxg6 Rb2 44. Rxa6 Rxb3 45. Kg2 Kc7 46. g4 b4 47. f3 Ra3 48. Re6 b3 49. Re1 b2 50. Rb1 Rb3 51. g5 1-0

[Event "CZE-chT2e 0506"]
[Site "Czech Republic"]
[Date "2006.03.12"]
[Round "9.4"]
[White "Zatloukal, Petr"]
[Black "Stradej, Vlastimil"]
[Result "0-1"]
[WhiteElo "2097"]
[BlackElo "2167"]
[PlyCount "114"]
[EventDate "2005.10.16"]
[EventType "team"]
[EventRounds "11"]
[EventCountry "CZE"]
[SourceTitle "EXT 2008"]
[Source "ChessBase"]
[SourceDate "2007.11.25"]
[SourceVersion "1"]
[SourceVersionDate "2007.11.25"]
[SourceQuality "1"]

1. e4 c5 2. Nc3 Nc6 3. g3 g6 4. Bg2 Bg7 5. d3 d6 6. Be3 e5 7. Qd2 Nge7 8. Bh6 0-0 9. h4 Bxh6 10. Qxh6 f6 11. Nge2 Nd4 12. Nxd4 cxd4 13. Ne2 Qa5+ 14. c3 dxc3 15. bxc3 Qc7 16. 0-0 Be6 17. c4 Nc6 18. Kh2 Qg7 19. Qxg7+ Kxg7 20. Rab1 b6 21. f4 Rac8 22. Bh3 Bxh3 23. Kxh3 f5 24. Nc3 Nd4 25. exf5 gxf5 26. Nb5 Nxb5 27. Rxb5 e4 28. Re1 exd3 29. Rd5 Rxc4 30. Rxd3 Rc6 31. Re6 Rf6 32. Re7+ Rf7 33. Re6 Rd7 34. Rd5 Rc5 35. Rdxd6 Rxd6 36. Rxd6 Ra5 37. Rd2 h5 38. Kg2 Ra3 39. Kf2 Kf6 40. Re2 b5 41. Rb2 a6 42. Re2 b4 43. Rb2 a5 44. Re2 Rc3 45. Kg2 a4 46. Rb2 b3 47. axb3 axb3 48. Rb1 Ke6 49. Ra1 Kd5 50. Ra8 Ke4 51. Rb8 Kd3 52. Rb5 Kc2 53. Rxf5 b2 54. Rb5 Rb3 55. Rc5+ Kd3 56. Rd5+ Ke4 57. Re5+ Kd4 0-1

[Event "Marianske Lazne op"]
[Site "Marianske Lazne"]
[Date "2006.01.24"]
[Round "4"]
[White "Babula, Milan"]
[Black "Stradej, Vlastimil"]
[Result "1-0"]
[WhiteElo "2321"]
[BlackElo "2167"]
[PlyCount "43"]
[EventDate "2006.01.21"]
[EventType "swiss"]
[EventRounds "9"]
[EventCountry "CZE"]
[SourceTitle "CBM 110 Extra"]
[Source "ChessBase"]
[SourceDate "2006.03.10"]
[SourceVersion "2"]
[SourceVersionDate "2006.03.10"]
[SourceQuality "1"]

1. e4 c5 2. Nf3 a6 3. d4 cxd4 4. Nxd4 Nf6 5. Bd3 e5 6. Nb3 d5 7. exd5 Qxd5 8. 0-0 Be6 9. Nc3 Qc6 10. Qe2 Nbd7 11. Bg5 Bd6 12. Rad1 Nd5 13. Nxd5 Bxd5 14. Nd4 Qc7 15. Nf5 f6 16. Nxd6+ Qxd6 17. Be4 fxg5 18. Bxd5 Qc7 19. Qh5+ g6 20. Qxg5 Rf8 21. Be6 Rd8 22. Rfe1 1-0

[Event "CZE-chT2e 0405"]
[Site "Czech Republic"]
[Date "2005.03.06"]
[Round "9.2"]
[White "Stradej, Vlastimil"]
[Black "Pecina, Michal"]
[Result "1/2-1/2"]
[WhiteElo "2227"]
[BlackElo "2194"]
[PlyCount "25"]
[EventDate "2004.10.17"]
[EventType "team"]
[EventRounds "11"]
[EventCountry "CZE"]
[SourceTitle "EXT 2007"]
[Source "ChessBase"]
[SourceDate "2006.11.23"]
[SourceVersion "1"]
[SourceVersionDate "2006.11.23"]
[SourceQuality "1"]

1. e4 c5 2. d4 cxd4 3. c3 Nf6 4. e5 Nd5 5. cxd4 Nc6 6. Nf3 d6 7. exd6 Qxd6 8. Nc3 g6 9. Bc4 Nb6 10. Be2 Bg7 11. Be3 0-0 12. Qd2 Be6 13. 0-0 1/2-1/2

[Event "CZE-chT2e 0405"]
[Site "Czech Republic"]
[Date "2004.12.19"]
[Round "5.2"]
[White "Stradej, Vlastimil"]
[Black "Sabol, Marian"]
[Result "1/2-1/2"]
[WhiteElo "2227"]
[BlackElo "2358"]
[PlyCount "80"]
[EventDate "2004.10.17"]
[EventType "team"]
[EventRounds "11"]
[EventCountry "CZE"]
[SourceTitle "EXT 2007"]
[Source "ChessBase"]
[SourceDate "2006.11.23"]
[SourceVersion "1"]
[SourceVersionDate "2006.11.23"]
[SourceQuality "1"]

1. e4 d5 2. exd5 Nf6 3. c4 e6 4. Nc3 exd5 5. d4 c6 6. Nf3 Be7 7. cxd5 cxd5 8. Bb5+ Bd7 9. Qb3 Bxb5 10. Qxb5+ Qd7 11. Ne5 Qxb5 12. Nxb5 Na6 13. 0-0 0-0 14. Bg5 Rfd8 15. a3 h6 16. Be3 Ne4 17. Rac1 Bf6 18. Nd3 Nd6 19. Nxd6 Rxd6 20. Rc3 Re8 21. Rfc1 Rdd8 22. Nc5 Nxc5 23. Rxc5 Rd7 24. Rc8 Rxc8 25. Rxc8+ Kh7 26. f3 Bd8 27. Kf2 Bb6 28. Ke2 Rc7 29. Rxc7 Bxc7 30. Bg1 h5 31. a4 Kg6 32. h3 f5 33. Be3 Bg3 34. f4 Bh4 35. Bf2 Bd8 36. h4 Kf7 37. Be1 Ke6 38. Kd3 Kd7 39. g3 Kc6 40. b4 b5 1/2-1/2

[Event "MOR-chT2M 0203"]
[Site "Moravia"]
[Date "2003.03.30"]
[Round "11"]
[White "Blumel, Otto"]
[Black "Stradej, Vlastimil"]
[Result "1/2-1/2"]
[WhiteElo "2203"]
[BlackElo "2196"]
[PlyCount "20"]
[EventDate "2002.10.??"]
[EventType "team"]
[EventRounds "11"]
[EventCountry "CZE"]
[SourceTitle "EXT 2006"]
[Source "ChessBase"]
[SourceDate "2005.11.24"]
[SourceVersion "1"]
[SourceVersionDate "2005.11.24"]
[SourceQuality "1"]

1. Nf3 d5 2. g3 c6 3. Bg2 Nf6 4. d3 Bf5 5. Nbd2 e6 6. c3 h6 7. 0-0 Bc5 8. Ne5 Nbd7 9. Nxd7 Qxd7 10. Nf3 Bd6 1/2-1/2

[Event "MOR-chT2M 0203"]
[Site "Moravia"]
[Date "2002.12.01"]
[Round "4"]
[White "Stradej, Vlastimil"]
[Black "Sohr, Vladimir"]
[Result "1-0"]
[WhiteElo "2196"]
[BlackElo "2155"]
[PlyCount "113"]
[EventDate "2002.10.??"]
[EventType "team"]
[EventRounds "11"]
[EventCountry "CZE"]
[SourceTitle "EXT 2006"]
[Source "ChessBase"]
[SourceDate "2005.11.24"]
[SourceVersion "1"]
[SourceVersionDate "2005.11.24"]
[SourceQuality "1"]

1. e4 e5 2. Nf3 Nc6 3. Be2 Nf6 4. d3 d5 5. Nbd2 dxe4 6. dxe4 Bd6 7. c3 0-0 8. 0-0 b6 9. b4 Bb7 10. Qc2 a5 11. b5 Nb8 12. Re1 Nbd7 13. Bf1 Nc5 14. a4 Nfd7 15. Bc4 Qf6 16. Nf1 Qg6 17. Ng3 Nf6 18. Nd2 h5 19. f3 Bc8 20. Nf5 Nb7 21. Nxd6 Nxd6 22. Ba3 Bh3 23. Bf1 Rfd8 24. Rad1 Be6 25. c4 Rac8 26. c5 Nb7 27. c6 Nd6 28. Bxd6 Rxd6 29. Nc4 Rxd1 30. Rxd1 Qg5 31. Qd2 Qxd2 32. Rxd2 Bxc4 33. Bxc4 Ne8 34. Rd7 Nd6 35. Bd5 Kf8 36. f4 Re8 37. fxe5 Rxe5 38. Rxc7 Nxe4 39. Bxe4 Rxe4 40. Rb7 Rc4 41. c7 Ke8 42. Rxb6 Kd7 43. Rb7 Kc8 44. Ra7 Rb4 45. Rxa5 Kxc7 46. Ra7+ Kb6 47. Rxf7 Rxa4 48. Rxg7 h4 49. Rg5 Ra1+ 50. Kf2 h3 51. gxh3 Ra2+ 52. Kg3 Ra3+ 53. Kg4 Ra4+ 54. Kh5 Ra2 55. h4 Rxh2 56. Rf5 Kc7 57. Rd5 1-0

[Event "Tatry op"]
[Site "Tatranske Zruby"]
[Date "2002.09.30"]
[Round "3"]
[White "Urbanek, Stepan"]
[Black "Stradej, Vlastimil"]
[Result "1/2-1/2"]
[WhiteElo "2096"]
[BlackElo "2196"]
[PlyCount "32"]
[EventDate "2002.09.28"]
[EventType "swiss"]
[EventRounds "9"]
[EventCountry "SVK"]
[SourceTitle "EXT 2005"]
[Source "ChessBase"]
[SourceDate "2004.11.15"]
[SourceVersion "1"]
[SourceVersionDate "2004.11.15"]
[SourceQuality "1"]

1. d4 g6 2. c4 Bg7 3. Nc3 d6 4. e4 Nd7 5. Bg5 c5 6. d5 h6 7. Be3 a6 8. a4 Bxc3+ 9. bxc3 Qa5 10. Bd2 Ngf6 11. Bd3 Ne5 12. Qe2 Nxd3+ 13. Qxd3 b5 14. f4 bxa4 15. Nf3 0-0 16. 0-0 Kh7 1/2-1/2